[Event "Barcelona Sant Marti op-B 19th"]
[Site "Barcelona"]
[Date "2017.07.21"]
[Round "9"]
[White "Espinosa Cebrian, Carlos"]
[Black "Aguilera Campana, Antonio"]
[Result "1-0"]
[WhiteElo "1921"]
[BlackElo "1674"]
[PlyCount "78"]
[EventDate "2017.07.13"]
[EventType "swiss"]
[EventRounds "9"]
[EventCountry "ESP"]
[SourceTitle "EXT 2018"]
[Source "ChessBase"]
[SourceDate "2017.10.13"]
[SourceVersion "1"]
[SourceVersionDate "2017.10.13"]
[SourceQuality "1"]

1. d4 d5 2. Nf3 g6 3. Bf4 Bg7 4. e3 Nf6 5. h3 Nc6 6. Nc3 Bf5 7. g4 Be4 8. Nxe4 Nxe4 9. c4 e6 10. Bd3 0-0 11. 0-0 f5 12. gxf5 Rxf5 13. Bxe4 dxe4 14. Nd2 Qh4 15. Qg4 Qxg4+ 16. hxg4 Rf7 17. Bg3 b6 18. Nxe4 Raf8 19. Rac1 a6 20. a4 h6 21. c5 b5 22. axb5 axb5 23. Nc3 Na7 24. Ra1 c6 25. Ra6 Rd7 26. Rfa1 Rff7 27. Bb8 b4 28. Ne4 Nb5 29. Rxc6 Nxd4 30. exd4 Bxd4 31. Rxe6 Bxb2 32. Rxg6+ Kh7 33. Raa6 Bg7 34. g5 h5 35. Rge6 Kg8 36. g6 Rf8 37. Bd6 Rc8 38. c6 Rdd8 39. Ra7 b3 1-0